The high road to Tokyo Bay : the AAF in the Asiatic-Pacific theater /

Bibliographic Details
Main Author: Haulman, Daniel
Corporate Author: Center for Air Force History (U.S.)
Format: Government Document Book
Language:English
Published: Washington, DC : Center for Air Force History, 1994.
Subjects:

MARC

Tag First Indicator Second Indicator Subfields
LEADER 00000cam a2200000 a 4500
001 in00000001242
005 20151007050354.0
008 980629s1994 dcuab b f000 0 eng d
020 |a 0160423260 
035 |a (OCoLC)39364382 
035 |9 AHY0519AM 
037 |a 008-070-00675-8  |b GPO 
040 |a GPO  |c GPO  |d DLC  |d MvI  |d UtOrBLW 
043 |a n-us---  |a p------ 
049 |a UDOC 
074 |a 0422-M 
086 0 |a D 301.82:T 57/994 
100 1 |a Haulman, Daniel. 
245 1 4 |a The high road to Tokyo Bay : the AAF in the Asiatic-Pacific theater /  |c Daniel Haulman. 
246 1 |i At head of title:  |a U.S. Army Air Forces in World War II 
246 3 0 |a AAF in the Asiatic-Pacific theater 
264 1 |a Washington, DC :  |b Center for Air Force History,  |c 1994. 
300 |a 34 pages :  |b illustrations, maps ;  |c 24 cm. 
336 |a text  |b txt  |2 rdacontent 
337 |a unmediated  |b n  |2 rdamedia 
338 |a volume  |b nc  |2 rdacarrier 
500 |a "50th anniversary of World War II"--Cover. 
500 |a Shipping list number: 94-0305-P. 
500 |a No longer available for sale by the Supt. of Docs. 
504 |a Includes bibliographical references (page 34). 
610 1 0 |a United States.  |b Army Air Forces  |x History  |y World War, 1939-1945. 
650 0 |a World War, 1939-1945  |x Aerial operations, American. 
650 0 |a World War, 1939-1945  |x Campaigns  |z Pacific Area. 
710 2 |a Center for Air Force History (U.S.) 
999 |a MARS 
999 f f |s d4d4b655-fed0-365d-907c-49052208ed26  |i 43579004-38be-365c-995d-14bf58c59d19  |t 0 
952 f f |p normal  |a Texas A&M University  |b College Station  |c Sterling C. Evans Library  |d Evans: US Documents (Annex 5th floor)  |t 0  |e D 301.82:T 57/994  |h Superintendent of Documents classification  |i unmediated -- volume  |m A14826653925 
998 f f |a D 301.82:T 57/994  |t 0  |l Evans: US Documents (Annex 5th floor)